000 00886cab a2200265 4500
001 ABS51082
008 090401t1994 xxu||||| |||| 00| 0 eng d
035 _a(Sirsi) u8781
041 _aeng
100 _aOsborne, J.
245 _aRe-engineering the development cycle
260 _c1994
350 _a0
490 _aCSM (Chartered Surveyor Monthly)
_v(3)10 July/August 1994, 28(1)
520 _aHighlights the principles of `business re-engineering` relating to construction with specific reference to development. Describes two trial programmes applying the concept to the development cycle process.
650 _aBUSINESS RE-ENGINEERING
650 _aDEVELOPMENT CYCLES
650 _aGIS
650 _aLAMSAC
650 _aORDNANCE SURVEY
650 _aPRE-BUILD INFORMATION SERVICE
690 _aPROPERTY-PROPERTY DEVELOPMENT
942 _n0
948 _c04/03/1997
999 _c5442
_d5442